000 00458nam a2200181Ia 4500
005 20250423094954.0
008 250422s9999 xx 000 0 und d
020 _a9788770221160
050 _aTK 5105.59 .P48/
100 _aPetrenko, Sergei
245 0 _aCyber Resilience
260 _aDenmark
260 _bRiver Publishers
260 _c2019
300 _a444 p
650 _aComputer networks--Security measures. Computer security.
942 _cBK
999 _c28853
_d28853